banner-ar

ادب السياسة وسياسة الادب / (Record no. 52169)

MARC details
000 -الفاتح
حقل البيانات ثابتة الطول 00627nam a2200193Ia 4500
008 - عناصر البيانات ثابتة الطول - معلومات عامة
حقل البيانات ثابتة الطول 140319s9999 xx 000 0 ara d
040 ## - مصدر الفهرسة
وكالة الفهرسة الأصلية GCL /
وكالة النسخ GCL
082 04 - رقم تصنيف ديوى العشرى
رقم التصنيف 811.008
رقم المادة س ا
100 1# - المدخل الرئيسى - إسم شخصى
الإسم الشخصى حسن البنا عزالدين
245 10 - بيان العنوان
العنوان ادب السياسة وسياسة الادب /
بيان المسئوليه,etc حسن البنا عزالدين
700 1# - المدخل الاضافى - اسم شخصى
الإسم الشخصى ستيتكبفتش، سوزان بينكس
300 ## - الوصف المادى
التعداد 232 ص
490 ## - بيان السلسلة
عنوان السلسلة دراسات ادبية
رقم المجلد/ التعيين التسلسلي 0
650 04 - المدخل الاضافى بالموضوع-مصطلح موضوعى
مصطلح موضوعي الادب العربى
650 04 - المدخل الاضافى بالموضوع-مصطلح موضوعى
مصطلح موضوعي المجموعات الادبية
650 04 - المدخل الاضافى بالموضوع-مصطلح موضوعى
مصطلح موضوعي الشعر العربى - مجموعات
942 ## - عناصر المدخل الإضافي( كوها)
مصدر التصنيف او مخطط الترفيف Dewey Decimal Classification
Koha [default] item type كتاب
Holdings
حالة التراجع حالة الفقد حالة تلف ليس للاعارة المكان المؤقت الموقع الحالى تاريخ الاكتساب اجمالي اﻻعارات رقم الطلب الباركود تاريخ اخر مشاهدة تاريخ تفعيل السعر نوع وعاء كوها
        مكتبة القاهرة الكبرى مكتبة القاهرة الكبرى 03/26/2014   811.008\س ا 124878 03/26/2014 03/26/2014 كتاب

Powered By

EGPV